Countries with the Least Children - Statistics

General Stats
  • This quiz has been taken 25 times
  • The average score is 13 of 19
Answer Stats
Percentage Country % Correct
13.71% Italy
87%
12.89% Germany
83%
14.88% Spain
83%
12.86% Japan
78%
14.05% Portugal
78%
14.78% Switzerland
78%
14.95% Poland
70%
14.21% Austria
65%
14.60% Greece
65%
14.56% Hungary
65%
14.92% Latvia
65%
14.51% Lithuania
65%
13.99% South Korea
65%
14.14% Bulgaria
61%
14.89% Croatia
61%
13.50% Bosnia and Herzegovina
57%
14.78% Slovenia
57%
14.93% Ukraine
57%
13.94% United Arab Emirates
22%
No matching quizzes found
Score Distribution
Percent of People with Each Score
Percentile by Number Answered
Your Score History
You have not taken this quiz